|
|
|
|
| LEADER |
00930nam a22002177a 4500 |
| 008 |
130717b xxu||||| |||| 00| 0 eng d |
| 999 |
|
|
|c 1350
|d 1350
|
| 020 |
|
|
|a 9780000101235
|
| 082 |
|
|
|a 894.1207 THO/RAS
|
| 100 |
|
|
|a റസ്സലുദീന്, എ.
|
| 240 |
|
|
|a C. J.: dhikkariyde kathal
|
| 245 |
|
|
|a സി.ജെ.: ധിക്കാരിയുടെ കാതല് /
|c എ. റസ്സലുദീന്
|
| 250 |
|
|
|a 1st ed.
|
| 260 |
|
|
|a കോട്ടയം :
|b സാഹിത്യപ്രവര്ത്തക സഹകരണസംഘം,
|c 2008.
|
| 300 |
|
|
|a 172p.
|
| 600 |
|
|
|a Tomas, C. J.
|
| 650 |
|
|
|a Drama study
|
| 650 |
|
|
|a നാടകപഠനം
|
| 700 |
|
|
|a Rassludeen, A.
|
| 942 |
|
|
|2 ddc
|c BK
|
| 952 |
|
|
|0 0
|1 0
|2 ddc
|4 0
|6 894_120700000000000_THORAS
|7 0
|9 1446
|a MAIN
|b MAIN
|d 2013-07-17
|e National Book Stall
|g 120.00
|l 9
|m 3
|o 894.1207 THO/RAS
|p 1404
|r 2019-12-23
|s 2019-11-26
|t 1
|w 2013-07-17
|y BK
|